000
00330nam a2200145Ia 4500
005
20251222140036.0
008
251222s1900||||xx |||||||||||||| ||spa||
020
_a
848460246X
082
_a
170/R78
100
_a
Rojas Montes, Enrique
245
0
_a
El Hombre Light:
250
_a
2a.ed.
264
_b
Temas de Hoy
942
_c
LIB
999
_c
3120
_d
3120